[Event "GER-chT U16 Girls"]
[Site "Magdeburg"]
[Date "2023.12.27"]
[Round "2.4"]
[White "Chen, Michelle"]
[Black "Glotz, Diana"]
[Result "0-1"]
[WhiteElo "1011"]
[BlackElo "1420"]
[PlyCount "72"]
[EventDate "2023.12.26"]
[EventType "team-swiss"]
[EventRounds "7"]
[EventCountry "GER"]
[SourceTitle "CB03_2024"]
[SourceDate "2024.01.17"]
[SourceVersion "1"]
[SourceVersionDate "2024.01.17"]
[SourceQuality "1"]
[WhiteTeam "Norderstedt"]
[BlackTeam "Altenberg"]
[WhiteTeamCountry "GER"]
[BlackTeamCountry "GER"]

1. d4 d5 2. Nf3 Nf6 3. c4 c6 4. e3 Bf5 5. Be2 h6 6. Nc3 e6 7. cxd5 exd5 8. Bd3 Bxd3 9. Qxd3 Bb4 10. 0-0 Bxc3 11. Qxc3 0-0 12. Qb4 Qc7 13. b3 Nbd7 14. Ba3 Rfe8 15. Qd6 Qa5 16. Bc1 Re6 17. Qg3 Ne4 18. Qg4 Qc7 19. Nd2 Rg6 20. Qe2 Nxd2 21. Bxd2 Re8 22. f3 Rge6 23. Rac1 Qb6 24. Kh1 Qxd4 25. Rc3 Qb6 26. Rd3 Qa6 27. a4 Nc5 28. Rd1 Qxd3 29. Qxd3 Nxd3 30. Kg1 Nc5 31. b4 Nd7 32. Bc1 f5 33. b5 Nb8 34. Kf2 a6 35. bxc6 bxc6 36. Bb2 f4 0-1

[Event "GER-chT U16 Girls"]
[Site "Neumuenster"]
[Date "2022.12.29"]
[Round "6"]
[White "Glotz, Diana"]
[Black "Schmidt, Luise"]
[Result "0-1"]
[WhiteElo "1166"]
[BlackElo "1396"]
[PlyCount "86"]
[EventDate "2022.12.26"]
[EventType "team-swiss"]
[EventRounds "7"]
[EventCountry "GER"]
[SourceTitle "CBM 212 Extra"]
[Source "ChessBase"]
[SourceDate "2023.03.31"]
[SourceVersion "1"]
[SourceVersionDate "2023.03.31"]
[SourceQuality "1"]
[WhiteTeam "Altenberg"]
[BlackTeam "Koenigsjaeger Sued West"]
[WhiteTeamCountry "GER"]
[BlackTeamCountry "GER"]

1. c4 e6 2. Nc3 Nf6 3. g3 d5 4. cxd5 exd5 5. d4 Be7 6. Bg2 c6 7. Nf3 0-0 8. 0-0 Bf5 9. Bf4 Nh5 10. Bd2 Nd7 11. Qc1 Re8 12. Bg5 Nf8 13. Bxe7 Qxe7 14. Nh4 Bg4 15. e3 Bd7 16. Qd2 Ne6 17. Nf3 Ng5 18. Nxg5 Qxg5 19. Rac1 Nf6 20. Rfe1 Bf5 21. b4 a6 22. a4 Ne4 23. Nxe4 Bxe4 24. Bxe4 dxe4 25. Rc5 Qe7 26. Rb1 Rad8 27. Re5 Qxe5 28. dxe5 Rxd2 29. b5 cxb5 30. axb5 a5 31. Rc1 Rd5 32. e6 fxe6 33. b6 Rb5 34. Ra1 Rc8 35. Ra2 Rc4 36. Kg2 a4 37. Rd2 Rxb6 38. Rd8+ Kf7 39. Rd7+ Kf6 40. Rd8 a3 41. Rd1 a2 42. Ra1 Rc2 43. h4 Rb1 0-1

[Event "GER-chT U12 Girls"]
[Site "Willingen"]
[Date "2022.08.15"]
[Round "5.3"]
[White "Glotz, Diana"]
[Black "Hefele, Stefanie"]
[Result "1-0"]
[WhiteElo "1116"]
[BlackElo "1180"]
[PlyCount "117"]
[EventDate "2022.08.13"]
[EventType "team-swiss"]
[EventRounds "7"]
[EventCountry "GER"]
[SourceTitle "EXT 2023"]
[Source "ChessBase"]
[SourceDate "2022.10.05"]
[SourceVersion "1"]
[SourceVersionDate "2022.10.05"]
[SourceQuality "1"]
[WhiteTeam "Altenberg"]
[BlackTeam "Tegernsee"]
[WhiteTeamCountry "GER"]
[BlackTeamCountry "GER"]

1. e4 e5 2. Nf3 Nc6 3. Bc4 Bc5 4. Nc3 Nf6 5. d3 d6 6. h3 Be6 7. Bb3 Qe7 8. Bg5 h6 9. Be3 Nd4 10. Nd5 Bxd5 11. Bxd5 c6 12. Bb3 0-0 13. c3 Nxb3 14. axb3 Bxe3 15. fxe3 d5 16. exd5 cxd5 17. Nd2 e4 18. d4 Qc7 19. 0-0 Qg3 20. Qe1 Nh5 21. Qxg3 Nxg3 22. Rf2 Rfe8 23. Ra5 Red8 24. Kh2 Nh5 25. c4 Nf6 26. Rf5 dxc4 27. bxc4 Re8 28. Rfe5 Rxe5 29. Rxe5 Rc8 30. c5 b6 31. cxb6 axb6 32. Nxe4 Nxe4 33. Rxe4 Kf8 34. d5 Re8 35. Rxe8+ Kxe8 36. Kg3 Kd7 37. Kf4 Kd6 38. e4 g6 39. g4 f6 40. h4 b5 41. g5 hxg5+ 42. hxg5 fxg5+ 43. Kxg5 Ke5 44. Kxg6 Kd6 45. Kf6 Kd7 46. e5 b4 47. e6+ Kd8 48. Kf7 b3 49. e7+ Kc7 50. e8Q Kd6 51. Qe6+ Kc5 52. d6 Kb4 53. Qc8 Kb5 54. Ke6 Kb6 55. Qc7+ Ka6 56. Qb8 Ka5 57. Kd5 Ka4 58. Kc5 Ka5 59. Qb5# 1-0

[Event "GER-chT U12 Girls"]
[Site "Willingen"]
[Date "2022.08.15"]
[Round "6.2"]
[White "Leicher, Anna"]
[Black "Glotz, Diana"]
[Result "1/2-1/2"]
[WhiteElo "1252"]
[BlackElo "1116"]
[PlyCount "63"]
[EventDate "2022.08.13"]
[EventType "team-swiss"]
[EventRounds "7"]
[EventCountry "GER"]
[SourceTitle "EXT 2023"]
[Source "ChessBase"]
[SourceDate "2022.10.05"]
[SourceVersion "1"]
[SourceVersionDate "2022.10.05"]
[SourceQuality "1"]
[WhiteTeam "Bayern Muenchen"]
[BlackTeam "Altenberg"]
[WhiteTeamCountry "GER"]
[BlackTeamCountry "GER"]

1. e4 e5 2. Nf3 Nc6 3. d4 exd4 4. Nxd4 Bc5 5. Nxc6 Qf6 6. Qf3 Qxf3 7. gxf3 dxc6 8. Bf4 Bb6 9. Nd2 Be6 10. Bg3 0-0-0 11. 0-0-0 Nf6 12. Bc4 Bxc4 13. Nxc4 Rhe8 14. Bh4 h6 15. e5 g5 16. Nxb6+ cxb6 17. Bxg5 hxg5 18. exf6 Re6 19. Rxd8+ Kxd8 20. Rg1 Rxf6 21. Rg3 Rf5 22. Kd2 f6 23. Rh3 a6 24. Ke2 Rb5 25. b3 Ra5 26. a4 b5 27. Rh8+ Kc7 28. Rf8 bxa4 29. bxa4 Rxa4 30. Rxf6 Rh4 31. Rf5 Rxh2 32. Rxg5 1/2-1/2

[Event "GER-ch U12 Girls"]
[Site "Willingen"]
[Date "2020.10.27"]
[Round "1"]
[White "Glotz, Diana"]
[Black "Stepanjan, Marianne"]
[Result "1-0"]
[WhiteElo "1098"]
[BlackElo "1351"]
[PlyCount "81"]
[EventDate "2020.10.26"]
[EventType "swiss"]
[EventRounds "7"]
[EventCountry "GER"]
[SourceTitle "CBM 199 Extra"]
[Source "ChessBase"]
[SourceDate "2021.01.31"]
[SourceVersion "1"]
[SourceVersionDate "2021.01.31"]
[SourceQuality "1"]

1. c4 e5 2. Nc3 Nf6 3. g3 d5 4. cxd5 Nxd5 5. Bg2 Be6 6. e3 c5 7. Nge2 Nc6 8. d4 exd4 9. exd4 c4 10. a3 Be7 11. Be3 0-0 12. 0-0 a6 13. a4 Na5 14. Nc1 Qd7 15. Bd2 Nc6 16. Be3 Na5 17. Qf3 Nb4 18. Qd1 Nd3 19. Nxd3 cxd3 20. d5 Bf5 21. Ne4 Nc4 22. b3 Nb2 23. Qd2 Bxe4 24. Bxe4 Bf6 25. Rab1 Qe7 26. Bxd3 Nxd3 27. Qxd3 Rfd8 28. Rfd1 Be5 29. Qe4 Rac8 30. Bf4 Bf6 31. Qxe7 Bxe7 32. d6 Bf6 33. d7 Rc3 34. Rbc1 Rxc1 35. Bxc1 Be7 36. Bf4 Ra8 37. Rc1 Rd8 38. Rc8 f6 39. Bc7 Kf7 40. Bxd8 Bxd8 41. Rxd8 1-0

[Event "GER-ch U10 Girls"]
[Site "Willingen"]
[Date "2019.06.12"]
[Round "6"]
[White "Glotz, Diana"]
[Black "Oellrich, Emma"]
[Result "1-0"]
[WhiteElo "1244"]
[BlackElo "1484"]
[PlyCount "49"]
[EventDate "2019.06.08"]
[EventType "swiss"]
[EventRounds "11"]
[EventCountry "GER"]
[SourceTitle "EXT 2020"]
[Source "ChessBase"]
[SourceDate "2019.10.17"]
[SourceVersion "1"]
[SourceVersionDate "2019.10.17"]
[SourceQuality "1"]

1. c4 e5 2. Nc3 Nc6 3. g3 f5 4. Bg2 Nf6 5. d3 Bb4 6. Bg5 Bxc3+ 7. bxc3 0-0 8. Bxf6 Qxf6 9. Qd2 f4 10. Nf3 Re8 11. 0-0 fxg3 12. fxg3 Qe7 13. Rab1 e4 14. dxe4 Qxe4 15. Ng5 Qe7 16. Bd5+ Kh8 17. Nf7+ Kg8 18. Nd6+ Kh8 19. Nxe8 Qxe8 20. Qf4 h6 21. Qf8+ Qxf8 22. Rxf8+ Kh7 23. Be4+ g6 24. Rbf1 Ne5 25. Re8 1-0

[Event "GER-ch U10 Girls"]
[Site "Willingen"]
[Date "2019.06.09"]
[Round "2"]
[White "Glotz, Diana"]
[Black "Wehling, Ida"]
[Result "1-0"]
[WhiteElo "1244"]
[BlackElo "1093"]
[PlyCount "73"]
[EventDate "2019.06.08"]
[EventType "swiss"]
[EventRounds "11"]
[EventCountry "GER"]
[SourceTitle "EXT 2020"]
[Source "ChessBase"]
[SourceDate "2019.10.17"]
[SourceVersion "1"]
[SourceVersionDate "2019.10.17"]
[SourceQuality "1"]

1. c4 e5 2. Nc3 Nf6 3. g3 Bc5 4. Bg2 d6 5. e3 Nbd7 6. Nge2 Nf8 7. d4 Bb6 8. dxe5 dxe5 9. Qxd8+ Kxd8 10. 0-0 Ne6 11. Rd1+ Ke7 12. b4 a6 13. c5 Ba7 14. f4 exf4 15. gxf4 Re8 16. c6 Rb8 17. f5 Ng5 18. b5 Bxf5 19. Ba3+ Ke6 20. Nf4+ Ke5 21. Kf2 Ng4+ 22. Kg3 Nxe3 23. Re1 Kf6 24. Ncd5+ Nxd5 25. Nxd5+ Kg6 26. Nf4+ Kh6 27. h4 Ne4+ 28. Kh2 axb5 29. cxb7 Rxb7 30. Bf3 Bb8 31. Bc1 g5 32. hxg5+ Kxg5 33. Nd5+ Kg6 34. Rg1+ Ng5 35. Rxg5+ Kh6 36. Rg8+ Re3 37. Bxe3# 1-0